00624nam a2200181Ia 4500003000900000008004100009040001600050080001500066245010900081250002600190260006400216300001500280500005500295650001600350650002600366700002500392700002500417IN-BaIIA211028s9999 xx 000 0 eng d cIIA Library a524.1bGIN 4aThe Astrophysics of cosmic rayscedited by V. L. Ginzburg; translated from the Russian by L. J. Reinders a2nd rev. & suppl. ed. aJerusalembIsrael Program for Scientific Translationsc1969 aviii, 60p. aTranslation of: Astrofizika kosmicheskikh lucheĭ aCosmic rays aNuclear astrophysics aGinzburg, V. L., ed. aReinders, L. J., tr.